000
00309nam a22001337a 4500
008
170904b xxu||||| |||| 00| 0 eng d
020
_a
9780618353057
041
_a
eng
080
_a
070
100
_a
40
101
_a
MED
245
_a
LISTENING, SPEAKING, AND CRITICAL THINKING
_c
TESKE,M
942
_2
udc
_c
BK
999
_c
25917
_d
25917